Southville International School and Colleges
Your cart is empty.
  • Cart
  • Lists
    Public lists Eva Luna New books Lux_list list_1
    Your lists Log in to create your own lists
  • Log in to your account
  • Your cookies
  • Search history
Southville International School and Colleges
  • Advanced search
  • Recent comments
  • Most popular
  • Libraries

Log in to your account

Log in with GOOGLE


If you do not have an external account, but do have a local account, you can still log in:

  1. Home
  2. MARC view: I can write book /
Normal view MARC view ISBD view

I can write book / (Record no. 103687)

[ view plain ]
MARC details
000 -LEADER
fixed length control field 00524nam a2200169 a 4500
005 - DATE AND TIME OF LATEST TRANSACTION
control field 20140412111306.0
008 - FIXED-LENGTH DATA ELEMENTS--GENERAL INFORMATION
fixed length control field 010503s19uu xx 00 eng d
020 ## - INTERNATIONAL STANDARD BOOK NUMBER
International Standard Book Number 0-7214-0715-3
050 ## - LIBRARY OF CONGRESS CALL NUMBER
Classification number TR(GS 372.634
Item number M941 1982
100 ## - MAIN ENTRY--PERSONAL NAME
Personal name Murdock, Hy
245 ## - TITLE STATEMENT
Title I can write book /
Statement of responsibility, etc Hy Murdock; illustrated by Hurlston Desing Ltd.
260 ## - PUBLICATION, DISTRIBUTION, ETC. (IMPRINT)
Place of publication, distribution, etc Loughborough, Leicestershire :
Name of publisher, distributor, etc Ladybird Books Ltd,
Date of publication, distribution, etc 1982.
300 ## - PHYSICAL DESCRIPTION
Extent 31p. ; ill.
650 ## - SUBJECT ADDED ENTRY--TOPICAL TERM
Topical term or geographic name as entry element Writing-Study and teaching
650 ## - SUBJECT ADDED ENTRY--TOPICAL TERM
Topical term or geographic name as entry element Writing activties
Holdings
Withdrawn status Lost status Damaged status Home library Current library Shelving location Date acquired Source of acquisition Total Checkouts Full call number Barcode Date last seen Price effective from Koha item type
      Elizalde Library Elizalde Library Teachers Reference Section 05/03/2001     TR(GS 372.634 M941 1982 E5724 04/12/2014 04/12/2014 Books

I can write book /

APA

Murdock H., . (1982). I can write book. Loughborough, Leicestershire: Ladybird Books Ltd.

Chicago

Murdock Hy, . 1982. I can write book. Loughborough, Leicestershire: Ladybird Books Ltd.

Harvard

Murdock H., . (1982). I can write book. Loughborough, Leicestershire: Ladybird Books Ltd.

MLA

Murdock Hy, . I can write book. Loughborough, Leicestershire: Ladybird Books Ltd. 1982.

  • Place hold
  • Print
  • Cite
  • Add to your cart (remove)
  • Save record
    BIBTEX Dublin Core MARCXML MARC (non-Unicode/MARC-8) MARC (Unicode/UTF-8) MARC (Unicode/UTF-8, Standard) MODS (XML) RIS
  • More searches
    Search for this title in:
    Other Libraries (WorldCat) Other Databases (Google Scholar) Online Stores (Bookfinder.com) Open Library (openlibrary.org)

Exporting to Dublin Core...

SOUTHVILLE LIBRARY

Southville International School and Colleges Library

1281 Tropical Ave. Cor. Luxembourg St., BF Homes International, Las Pinas City

Tel. No. 8256374 / 252358 Loc. 117/146

Powered by Koha